UBT Library

Evaluating professional development / (Record no. 42847)

000 -LEADER
fixed length control field 00836cam a22002534a 4500
001 - CONTROL NUMBER
control field 11781364
005 - DATE AND TIME OF LATEST TRANSACTION
control field 20180216091809.0
008 - FIXED-LENGTH DATA ELEMENTS--GENERAL INFORMATION
fixed length control field 990825s2000 cau b 1 eng
010 ## - LIBRARY OF CONGRESS CONTROL NUMBER
LC control number 99006881
020 ## - INTERNATIONAL STANDARD BOOK NUMBER
International Standard Book Number 0761975608 (acidfree paper)
020 ## - INTERNATIONAL STANDARD BOOK NUMBER
International Standard Book Number 0761975616 (pbk. : acidfree paper)
040 ## - CATALOGING SOURCE
Original cataloging agency DLC
Transcribing agency DLC
Modifying agency DLC
041 ## - LANGUAGE CODE
Language code of text/sound track or separate title eng
042 ## - AUTHENTICATION CODE
Authentication code pcc
080 ## - UNIVERSAL DECIMAL CLASSIFICATION NUMBER
Universal Decimal Classification number 370.7155 GUS
082 00 - DEWEY DECIMAL CLASSIFICATION NUMBER
Classification number 370.7155 GUS
Edition number 21
100 1# - Rafti
Rafti 47
101 ## - Shkurtesa
Shkurtesa EDU
245 10 - TITLE STATEMENT
Title Evaluating professional development /
Statement of responsibility, etc Thomas R. Guskey ; foreword by Dennis Sparks.
504 ## - BIBLIOGRAPHY, ETC. NOTE
Bibliography, etc Includes bibliographical references (p. 277-296) and indexes.
906 ## - LOCAL DATA ELEMENT F, LDF (RLIN)
a 7
b cbc
c orignew
d 1
e ecip
f 19
942 ## - ADDED ENTRY ELEMENTS (KOHA)
Source of classification or shelving scheme
Item type Books
Holdings
Withdrawn status Lost status Source of classification or shelving scheme Damaged status Not for loan Collection code Permanent location Current location Shelving location Date acquired Total Checkouts Full call number Barcode Date last seen Price effective from Koha item type
          Koleksioni i përgjithshem UBT - Lipjan UBT - Lipjan Koleksioni i përgjithshem 02/16/2018   370.7155 GUS 002-2998360 02/16/2018 02/16/2018 Books
UBT Library © 2015-2024. All rights reserved University Education for Business and Technology